000 00560nam a2200181 i 4500
001 48577
003 ES-MaACL
005 20230906161757.0
007 t|
008 950726s1898 fr ||||1| fre d
040 _aCAM
_bspa
_cCAM
100 1 _aDesdevises du Dezert, Georges.
_943868
245 1 3 _aLa Marine espagnole pendant la campagne de Trafalgar /
_cG. Desdevises du Dezert.
260 _aToulouse :
_bEdouard Privat,
_c1898.
300 _a58 p. ;
_c26 cm.
500 _aExtraido de la Revue des Pyrénées, X, 1898.
852 _aES-MaACL
_jT-849-F-14
999 _c48577
_d48577